000 00378ntaaa2200157 4500
003 01
005 20251027202437.0
008 0714s1973 ag 01
040 _aAR-BaBN
_bspa
_cAR-BaBN
_eaacr
_dRIC
082 _a266.0000 L366
100 _aLaubauch, Frank C.
245 _aLos millones silenciosos hablan
250 _a1 ed. :
_bs.l.,
_cn.f.
650 _aMisiones
942 _cBK
999 _c19421
_d19421